Georges Felouzis (coord.), 2003 Les mutations actuelles de l’Université Paris, PUF, 400 pages (notice n° 1586318)
[ vue normale ]
| 000 -LEADER | |
|---|---|
| fixed length control field | 02261cam a2200181 4500500 |
| 005 - DATE AND TIME OF LATEST TRANSACTION | |
| control field | 20251228054853.0 |
| 041 ## - LANGUAGE CODE | |
| Language code of text/sound track or separate title | fre |
| 042 ## - AUTHENTICATION CODE | |
| Authentication code | dc |
| 100 10 - MAIN ENTRY--PERSONAL NAME | |
| Personal name | Le Vasseur, Louis |
| Relator term | author |
| 245 00 - TITLE STATEMENT | |
| Title | Georges Felouzis (coord.), 2003 Les mutations actuelles de l’Université Paris, PUF, 400 pages |
| 260 ## - PUBLICATION, DISTRIBUTION, ETC. | |
| Date of publication, distribution, etc. | 2005.<br/> |
| 500 ## - GENERAL NOTE | |
| General note | 53 |
| 520 ## - SUMMARY, ETC. | |
| Summary, etc. | Les réformes récentes de l’enseignement primaire et secondaire dans plusieurs pays occidentaux ont été axées sur la nécessité de parvenir à une action concertée au sein des établissements. La réforme de l’éducation au Québec, annoncée en 1997, repose sur un impératif de coopération. Notre recherche sur le personnel de soutien technique et paratechnique permet de situer l’impératif de construction d’une communauté éducative ou de coopération en concomitance avec une division accrue du travail scolaire. Nous montrerons que la division du travail implique un pluralisme des représentations et des intérêts professionnels, des tensions de rôles, une densité de rapports sociaux entre agents scolaires qui mettent en péril la pleine participation de tous à la cité éducative. |
| 520 ## - SUMMARY, ETC. | |
| Summary, etc. | Setting up an educational community within the context of a rising division of labour : the example of professional relationships between technical support staff and teachers in Quebec The recent reforms of primary and secondary education in several western countries have borne on the need to reach concerted action within schools. The reform of education in Quebec announced in 1997 lies on the need for cooperation. Our research work on technical support staff allows to cast a light on the much needed construction of an educational or cooperative community alongside a rising division of labour at school. We shall see that the division of labour implies multiple representations and professional interests, role tensions, social relations between school agents that threaten the full participation of all in the educational community. |
| 700 10 - ADDED ENTRY--PERSONAL NAME | |
| Personal name | Tardif, Maurice |
| Relator term | author |
| 786 0# - DATA SOURCE ENTRY | |
| Note | Éducation et Sociétés | 15 | 1 | 2005-03-01 | p. 189d-205d | 1373-847X |
| 856 41 - ELECTRONIC LOCATION AND ACCESS | |
| Uniform Resource Identifier | <a href="https://shs.cairn.info/revue-education-et-societes-2005-1-page-189d?lang=fr&redirect-ssocas=7080">https://shs.cairn.info/revue-education-et-societes-2005-1-page-189d?lang=fr&redirect-ssocas=7080</a> |
Pas d'exemplaire disponible.




Réseaux sociaux